Second chance: three presidents and the crisis of American superpower (Record no. 7114)
[ view plain ]
| 000 -LEADER | |
|---|---|
| fixed length control field | 01740 a2200205 4500 |
| 020 ## - INTERNATIONAL STANDARD BOOK NUMBER | |
| International Standard Book Number | 9780465002528 |
| 020 ## - INTERNATIONAL STANDARD BOOK NUMBER | |
| International Standard Book Number | 9780465002528 |
| 040 ## - CATALOGING SOURCE | |
| Original cataloging agency | DLC |
| Language of cataloging | DLC |
| 100 1# - MAIN ENTRY--PERSONAL NAME | |
| Personal name | Brzezinski, Zbigniew, |
| 245 10 - TITLE STATEMENT | |
| Title | Second chance: three presidents and the crisis of American superpower |
| Remainder of title | three presidents and the crisis of American superpower |
| Statement of responsibility, etc. | Zbigniew Brzezinski. |
| 260 ## - PUBLICATION, DISTRIBUTION, ETC. | |
| Place of publication, distribution, etc. | New York : |
| Name of publisher, distributor, etc. | Basic Books, |
| Date of publication, distribution, etc. | c2007. |
| 300 ## - PHYSICAL DESCRIPTION | |
| Extent | vi, 234 p. ; |
| Dimensions | 22 cm. |
| 500 ## - GENERAL NOTE | |
| General note | Includes index. |
| 520 1# - SUMMARY, ETC. | |
| Summary, etc. | "The last three presidential administrations - Bush Senior, Clinton, and Bush Junior - span less than two decades but cover a pivotally important time: a period in which the United States, having emerged from the Cold War as the unquestioned victor, enjoyed a degree of international dominance that was unprecedented in the history of the world. These three American presidents were not mere heads of state but the de facto leaders of the world." "Second Chance is a dispassionate, unsparing assessment of how the three presidents performed as history's first successive global leaders, and how that performance was influenced by their personal leadership styles. Zbigniew Brzezinski, America's most distinguished commentator on international affairs, concludes that the United States has squandered a great deal of its power and prestige. No president escapes criticism, though the blame is by no means shared equally. Brzezinski concludes by recommending how America can regain its global stature in today's era of global political awakening."--BK JACKET. |
| 600 10 - SUBJECT ADDED ENTRY--PERSONAL NAME | |
| Personal name | Bush, George, |
| Dates associated with a name | 1924- |
| 600 10 - SUBJECT ADDED ENTRY--PERSONAL NAME | |
| Personal name | Clinton, Bill, |
| Dates associated with a name | 1946- |
| 600 10 - SUBJECT ADDED ENTRY--PERSONAL NAME | |
| Personal name | Bush, George W. |
| Dates associated with a name | 1946- |
| 651 #0 - SUBJECT ADDED ENTRY--GEOGRAPHIC NAME | |
| Geographic name | United States |
| General subdivision | Foreign relations |
| Chronological subdivision | 1989- |
| 942 ## - ADDED ENTRY ELEMENTS (KOHA) | |
| Koha item type | Book |
| Call number prefix | 327.73 BRZ |
| Source of classification or shelving scheme | |
| Withdrawn status | Lost status | Damaged status | Not for loan | Collection code | Permanent Location | Current Location | Shelving location | Date acquired | Source of acquisition | Cost, normal purchase price | Total Checkouts | Full call number | Barcode | Date last seen | Price effective from | Koha item type |
|---|---|---|---|---|---|---|---|---|---|---|---|---|---|---|---|---|
| Central Library (CL) | Central Library (CL) | General Stacks | 12/04/2007 | Progressive International Agencies | 1693.46 | 327.73 BRZ | SEECS008763 | 11/14/2012 | 01/05/2017 | Book |
